[Event "ARCTIC CHESS CHALLENGE 2010"]
[Site "SCANDIC TROMSØ"]
[Date "2010.07.31"]
[Round "2"]
[White "Pettersson, Tobias"]
[Black "Leite, Steinar"]
[Result "1-0"]
[WhiteElo "2135"]
[BlackElo "1714"]
[PlyCount "123"]
[EventDate "2010.??.??"]

1. Nf3 d5 2. g3 Nf6 3. Bg2 Nbd7 4. c4 c6 5. b3 e6 6. O-O Bd6 7. Bb2 O-O 8. d3
Re8 9. e3 e5 10. Nc3 Qe7 11. cxd5 cxd5 12. Nh4 Nb6 13. a4 Be6 14. Nb5 Bb8 15.
a5 Nc8 16. Nf3 Bd7 17. Nc3 Bc6 18. Ba3 Bd6 19. Bxd6 Nxd6 20. a6 Rac8 21. axb7
Bxb7 22. Qd2 a6 23. Rfc1 Qd7 24. Qb2 e4 25. Nd4 exd3 26. Rd1 Nde4 27. Rxd3 Nxc3
28. Rxc3 Rxc3 29. Qxc3 Rc8 30. Qb4 Ne4 31. Rd1 Nc3 32. Re1 Nb5 33. Nxb5 Qxb5
34. Qxb5 axb5 35. Rd1 Rd8 36. Rc1 Rd7 37. Rc5 b4 38. Rb5 g6 39. Rxb4 Kg7 40.
Kf1 h5 41. Ke2 Kf6 42. Rb6+ Ke7 43. Kd3 Kd8 44. Kd4 Kc7 45. Rf6 Kd8 46. Bf1 Rc7
47. Rb6 Bc8 48. Bd3 Be6 49. Bxg6 h4 50. gxh4 Rc1 51. Ke5 Kc7 52. Rxe6 fxe6 53.
h5 Rh1 54. h6 Rxh2 55. h7 Kd7 56. Kf6 Rxf2+ 57. Kg7 Rh2 58. h8=Q Rxh8 59. Kxh8
Kd6 60. b4 e5 61. Bd3 Kc6 62. Kg7 1-0

[Event "ARCTIC CHESS CHALLENGE 2010"]
[Site "SCANDIC TROMSØ"]
[Date "2010.07.31"]
[Round "2"]
[White "Forså, Elise"]
[Black "Svensen, Tarjei Joten"]
[Result "0-1"]
[WhiteElo "1693"]
[BlackElo "2129"]
[PlyCount "52"]
[EventDate "2010.??.??"]

1. e4 e6 2. d4 d5 3. Nc3 Nf6 4. e5 Nfd7 5. f4 c5 6. Nf3 Nc6 7. Be3 a6 8. Be2
cxd4 9. Nxd4 Bc5 10. Qd2 Nxd4 11. Bxd4 Qc7 12. Bf1 b5 13. O-O-O O-O 14. h4 b4
15. Ne2 a5 16. Rh3 Ba6 17. Bxc5 Nxc5 18. Nd4 Ne4 19. Qe1 Bxf1 20. Qxf1 Rfc8 21.
Qe2 a4 22. Nb5 Qb6 23. Nd6 b3 24. c3 bxa2 25. Kc2 Qb3+ 26. Kd3 Rxc3+ 0-1

[Event "ARCTIC CHESS CHALLENGE 2010"]
[Site "SCANDIC TROMSØ"]
[Date "2010.07.31"]
[Round "2"]
[White "Obers, Frits"]
[Black "Hegelund, Ole Jakob"]
[Result "1-0"]
[WhiteElo "2112"]
[BlackElo "1689"]
[PlyCount "49"]
[EventDate "2010.??.??"]

1. c4 e5 2. g3 Nf6 3. Bg2 d5 4. cxd5 Nxd5 5. Nc3 Nb6 6. Nf3 Nc6 7. O-O Be7 8.
a3 g5 9. d4 exd4 10. Nb5 Bf6 11. Bxg5 Bxg5 12. Nxg5 O-O 13. Nf3 Qe7 14. Nbxd4
Nxd4 15. Qxd4 Qxe2 16. Rac1 Qe7 17. Rfe1 Qd6 18. Qh4 f6 19. Nd4 c6 20. Be4 f5
21. Bb1 Nd5 22. Ba2 Kg7 23. Bxd5 Qxd5 24. Re7+ Rf7 25. Rce1 1-0

[Event "ARCTIC CHESS CHALLENGE 2010"]
[Site "SCANDIC TROMSØ"]
[Date "2010.07.31"]
[Round "2"]
[White "Tiller, Bjørn"]
[Black "Røyset, Jon K"]
[Result "1-0"]
[WhiteElo "2398"]
[BlackElo "2190"]
[PlyCount "101"]
[EventDate "2010.??.??"]
[SourceDate "2010.08.01"]

1. g4 d6 2. Bg2 c6 3. h3 e5 4. d4 Nd7 5. e4 Ne7 6. Ne2 Ng6 7. Qd3 Nh4 8. Qg3
Nxg2+ 9. Qxg2 Qb6 10. c3 Qb5 11. f4 Be7 12. O-O O-O 13. Na3 Qd3 14. Qf3 Qxf3
15. Rxf3 b5 16. Ng3 Re8 17. Nc2 Nb6 18. f5 Bb7 19. dxe5 dxe5 20. b3 Red8 21.
Ba3 Bg5 22. Raf1 f6 23. Kg2 a5 24. Bc5 Nd7 25. Be7 Re8 26. Ba3 b4 27. Bc1 c5
28. Rd3 Bc6 29. Rd6 Rac8 30. Rfd1 Re7 31. c4 Bh4 32. Ne3 Bxg3 33. Kxg3 Nb6 34.
Kf3 Rd7 35. h4 Rxd6 36. Rxd6 Kf8 37. g5 Ke7 38. Re6+ Kf7 39. Ng4 Nd7 40. Be3 a4
41. h5 axb3 42. axb3 Nf8 43. Rd6 Ke7 44. Bxc5 Bxe4+ 45. Kxe4 Rxc5 46. gxf6+
gxf6 47. Rxf6 Ra5 48. Rh6 Ra3 49. Nxe5 Rxb3 50. Rb6 Rh3 51. f6+ 1-0

[Event "ARCTIC CHESS CHALLENGE 2010"]
[Site "SCANDIC TROMSØ"]
[Date "2010.07.31"]
[Round "3"]
[White "Shoker, Samy"]
[Black "Van Wely, Loek"]
[Result "0-1"]
[WhiteElo "2472"]
[BlackElo "2677"]
[PlyCount "87"]
[EventDate "2010.??.??"]

1. g3 d5 2. Bg2 Nf6 3. d3 g6 4. Nf3 Bg7 5. O-O O-O 6. h3 c5 7. Nc3 d4 8. Na4
Nfd7 9. c4 Nc6 10. e3 Qc7 11. exd4 cxd4 12. a3 b6 13. b4 Bb7 14. Bd2 e5 15. Rc1
Nd8 16. Re1 h6 17. c5 b5 18. c6 Bxc6 19. Nh2 Qd6 20. Bxc6 Nxc6 21. Qf3 Rac8 22.
Nc5 f5 23. Nb7 Qe6 24. Nc5 Nxc5 25. Rxc5 a6 26. Rec1 e4 27. dxe4 Ne5 28. Qe2
Rxc5 29. bxc5 Nc4 30. e5 Rd8 31. Nf3 d3 32. Qe1 Qd5 33. Nh4 Kh7 34. f4 Bf8 35.
g4 Bxc5+ 36. Kh2 Qe4 37. Qg3 Qe2+ 38. Qg2 Nxd2 39. Rxc5 Nf1+ 40. Kh1 Qxg2+ 41.
Kxg2 d2 42. Rc7+ Kg8 43. Nxg6 d1=Q 44. Ne7+ 0-1

[Event "ARCTIC CHESS CHALLENGE 2010"]
[Site "SCANDIC TROMSØ"]
[Date "2010.07.31"]
[Round "3"]
[White "Socko, Bartosz"]
[Black "Lie, Espen"]
[Result "1-0"]
[WhiteElo "2646"]
[BlackElo "2464"]
[PlyCount "65"]
[EventDate "2010.??.??"]

1. e4 g6 2. d4 Bg7 3. Nc3 d6 4. Be3 a6 5. f4 b5 6. Nf3 Bb7 7. a3 Nd7 8. Qd2 c5
9. Bd3 Rc8 10. h3 Ngf6 11. e5 Nh5 12. Be4 Qc7 13. Bxb7 Qxb7 14. Kf2 O-O 15.
Rad1 cxd4 16. Bxd4 dxe5 17. fxe5 f6 18. exf6 Ndxf6 19. Rhe1 Rc4 20. Qe3 Qc7 21.
Kg1 Ng3 22. Qe6+ Kh8 23. Bf2 Ngh5 24. Ne5 Nf4 25. Qxa6 N6h5 26. Rd7 Qb8 27.
Rxe7 Rc7 28. Nc6 Rxe7 29. Nxb8 Rxe1+ 30. Bxe1 Bd4+ 31. Kh2 Rxb8 32. Qd6 Ba7 33.
Nxb5 1-0

[Event "ARCTIC CHESS CHALLENGE 2010"]
[Site "SCANDIC TROMSØ"]
[Date "2010.07.31"]
[Round "3"]
[White "Khenkin, Igor"]
[Black "Moor, Olivier"]
[Result "1/2-1/2"]
[WhiteElo "2632"]
[BlackElo "2432"]
[PlyCount "91"]
[EventDate "2010.??.??"]

1. d4 Nf6 2. c4 e6 3. Nc3 d5 4. cxd5 exd5 5. Bg5 Nbd7 6. e3 Be7 7. Bd3 c6 8. h3
g6 9. Bh6 Nf8 10. Bg7 Rg8 11. Bh6 Ne6 12. Nf3 Rh8 13. Qc2 Ng8 14. Bf4 Nxf4 15.
exf4 Bd6 16. g3 Ne7 17. Kf1 Bf5 18. Re1 Kf8 19. Kg2 f6 20. Nd1 Qd7 21. Ne3 Bxd3
22. Qxd3 Re8 23. Re2 Nf5 24. Nxf5 Rxe2 25. Nxd6 Re6 26. Nxb7 Qxb7 27. f5 gxf5
28. Qxf5 Qe7 29. Rc1 Rg8 30. Ne5 Rg5 31. Qf3 Qe8 32. Nd3 Rg7 33. Nf4 Rd6 34.
Qa3 Qe4+ 35. f3 Qe7 36. Re1 Qxe1 37. Qxd6+ Kf7 38. Qd7+ Kg8 39. Qc8+ Kf7 40.
Qd7+ Kg8 41. Qd8+ Kf7 42. Qc7+ Kg8 43. Qb8+ Kf7 44. Qxa7+ Kg8 45. Qb8+ Kf7 46.
Nd3 1/2-1/2

[Event "ARCTIC CHESS CHALLENGE 2010"]
[Site "SCANDIC TROMSØ"]
[Date "2010.07.31"]
[Round "3"]
[White "Sarakauskas, Gediminas"]
[Black "Drozdovskij, Yuri"]
[Result "1/2-1/2"]
[WhiteElo "2440"]
[BlackElo "2624"]
[PlyCount "21"]
[EventDate "2010.??.??"]

1. e4 c6 2. d4 d5 3. Nc3 dxe4 4. Nxe4 Nd7 5. Nf3 Ngf6 6. Nxf6+ Nxf6 7. Bc4 Bf5
8. O-O e6 9. Re1 Be7 10. c3 O-O 11. Bg5 1/2-1/2

[Event "ARCTIC CHESS CHALLENGE 2010"]
[Site "SCANDIC TROMSØ"]
[Date "2010.07.31"]
[Round "3"]
[White "Ernst, Thomas"]
[Black "Berg, Emanuel"]
[Result "0-1"]
[WhiteElo "2430"]
[BlackElo "2612"]
[PlyCount "92"]
[EventDate "2010.??.??"]

1. e4 c5 2. Nc3 a6 3. g3 b5 4. Bg2 Bb7 5. Nge2 e6 6. O-O Ne7 7. d4 cxd4 8. Nxd4
d6 9. Bh3 b4 10. Na4 e5 11. Nf5 Nxf5 12. exf5 Qc7 13. c3 Qc6 14. f3 bxc3 15.
bxc3 Nd7 16. Rb1 Be7 17. Rf2 O-O 18. Bg2 Rab8 19. Ba3 Ba8 20. Rxb8 Rxb8 21. Rd2
Nc5 22. Nxc5 dxc5 23. f4 e4 24. Re2 Qb6 25. c4 Qa5 26. Qc1 Bf6 27. Bxe4 Re8 28.
Bf3 Rxe2 29. Bxe2 Qb6 30. Kf2 Bd4+ 31. Ke1 Qa5+ 32. Kf1 Qb6 33. Ke1 Be4 34. g4
Qh6 35. Bb2 Qxh2 36. Bxd4 cxd4 37. Qb2 Qg3+ 38. Kd1 Qxf4 39. Qd2 Qe5 40. Bd3
Bf3+ 41. Be2 Bc6 42. Qb4 h5 43. gxh5 Be4 44. Qb6 Bc2+ 45. Kxc2 Qxe2+ 46. Kb1 d3
0-1

[Event "ARCTIC CHESS CHALLENGE 2010"]
[Site "SCANDIC TROMSØ"]
[Date "2010.07.31"]
[Round "3"]
[White "Ivanisevic, Ivan"]
[Black "Urkedal, Frode Olav Olsen"]
[Result "1-0"]
[WhiteElo "2611"]
[BlackElo "2414"]
[PlyCount "63"]
[EventDate "2010.??.??"]

1. d4 Nf6 2. c4 e6 3. Nc3 Bb4 4. e3 O-O 5. Nge2 d5 6. a3 Be7 7. cxd5 exd5 8. h3
c5 9. dxc5 Bxc5 10. g4 Nc6 11. Bg2 d4 12. Na4 Be7 13. exd4 Be6 14. Nac3 Nd5 15.
O-O Qd7 16. Be3 Rad8 17. Nxd5 Bxd5 18. Bxd5 Qxd5 19. Nc3 Qa5 20. b4 Qc7 21. Rc1
Qd7 22. d5 Ne5 23. Bf4 Ng6 24. Bg3 f5 25. gxf5 Rxf5 26. d6 Bxd6 27. Qb3+ Rf7
28. Ne4 Be7 29. Rfd1 Qe8 30. Rxd8 Qxd8 31. Rc7 Qd4 32. Ng5 1-0

[Event "ARCTIC CHESS CHALLENGE 2010"]
[Site "SCANDIC TROMSØ"]
[Date "2010.07.31"]
[Round "3"]
[White "Lindberg, Bengt"]
[Black "Burmakin, Vladimir"]
[Result "0-1"]
[WhiteElo "2413"]
[BlackElo "2605"]
[PlyCount "80"]
[EventDate "2010.??.??"]

1. e4 c6 2. d4 d5 3. Nc3 dxe4 4. Nxe4 Bf5 5. Ng3 Bg6 6. h4 h6 7. Nf3 Nd7 8. h5
Bh7 9. Bd3 Bxd3 10. Qxd3 e6 11. Bd2 Qc7 12. O-O-O O-O-O 13. Ne4 Ngf6 14. g3 Nc5
15. Nxc5 Bxc5 16. c4 Qe7 17. Ba5 Bb6 18. Bc3 Rhe8 19. Qe2 c5 20. Rh4 cxd4 21.
Nxd4 a6 22. Re1 Qc7 23. Nb3 Qd7 24. Be5 Qd3 25. Rf4 Qxe2 26. Rxe2 Bc7 27. Kc2
Rd7 28. Nc5 Bxe5 29. Rxe5 Rc7 30. Nd3 Nd5 31. Rd4 Ne7 32. Rf4 Nc6 33. Re1 Rd8
34. Ne5 Nd4+ 35. Kc3 Nf5 36. b3 Nd6 37. Kb2 f6 38. Ng6 e5 39. Rf3 b5 40. cxb5
Nxb5 0-1

[Event "ARCTIC CHESS CHALLENGE 2010"]
[Site "SCANDIC TROMSØ"]
[Date "2010.07.31"]
[Round "3"]
[White "Collins, Sam E"]
[Black "Gyimesi, Zoltan"]
[Result "1/2-1/2"]
[WhiteElo "2408"]
[BlackElo "2598"]
[PlyCount "65"]
[EventDate "2010.??.??"]

1. e4 e5 2. Nf3 Nc6 3. Bc4 Bc5 4. O-O Nf6 5. d4 Bxd4 6. Nxd4 Nxd4 7. f4 d6 8.
fxe5 dxe5 9. Bg5 Qe7 10. c3 Ne6 11. Bxf6 Qc5+ 12. Kh1 Qxc4 13. Bxe5 Qxe4 14.
Bxc7 O-O 15. Bg3 b6 16. Nd2 Qc6 17. Qf3 Bb7 18. Qxc6 Bxc6 19. Nf3 Rad8 20. Ne5
Bb7 21. Rfd1 Nc5 22. Nc4 Ne4 23. Nd6 Bc6 24. Nxe4 Bxe4 25. Kg1 f6 26. Bc7 Rc8
27. Bf4 Rc4 28. g3 Bf5 29. Kf2 Re8 30. Re1 Kf7 31. Rxe8 Kxe8 32. Re1+ Kf7 33.
a3 1/2-1/2

[Event "ARCTIC CHESS CHALLENGE 2010"]
[Site "SCANDIC TROMSØ"]
[Date "2010.07.31"]
[Round "3"]
[White "Stokke, Kjetil"]
[Black "Radulski, Julian"]
[Result "1/2-1/2"]
[WhiteElo "2401"]
[BlackElo "2574"]
[PlyCount "113"]
[EventDate "2010.??.??"]

1. Nf3 d5 2. d4 c5 3. c4 dxc4 4. d5 e6 5. Nc3 a6 6. a4 Nf6 7. e4 exd5 8. e5 Ne4
9. Qxd5 Nxc3 10. Qxd8+ Kxd8 11. bxc3 Be6 12. Ng5 Nc6 13. Nxe6+ fxe6 14. Bxc4
Nxe5 15. Bxe6 Bd6 16. O-O Kc7 17. Bd5 Rad8 18. Rb1 Nc6 19. Bf3 h6 20. Be3 b6
21. Be2 Be5 22. Rfc1 a5 23. Rc2 Ne7 24. Bf3 Nd5 25. Bd2 Rhe8 26. g3 Nf6 27. Kg2
g5 28. h3 Bd6 29. Rcb2 Rb8 30. c4 Nd7 31. Bd5 Re2 32. Bc3 Rxb2 33. Rxb2 Re8 34.
Bf3 Re7 35. Re2 Rxe2 36. Bxe2 Be5 37. Bd2 Kd6 38. f4 gxf4 39. gxf4 Bg7 40. Kf3
Nf6 41. Be1 Ke6 42. Bg3 Bf8 43. Ke3 Bd6 44. Bg4+ Kf7 45. Bh4 Kg7 46. Be1 Be7
47. Bc3 Bd8 48. Be5 Kf7 49. Bc8 Ke7 50. f5 Kf7 51. Be6+ Kf8 52. Bf4 Kg7 53. Kf3
Nh7 54. Ke4 Nf6+ 55. Kf3 Nh7 56. Be5+ Kf8 57. Bf4 1/2-1/2

[Event "ARCTIC CHESS CHALLENGE 2010"]
[Site "SCANDIC TROMSØ"]
[Date "2010.07.31"]
[Round "3"]
[White "Leon Hoyos, Manuel"]
[Black "Tiller, Bjørn"]
[Result "1-0"]
[WhiteElo "2556"]
[BlackElo "2398"]
[PlyCount "81"]
[EventDate "2010.??.??"]

1. d4 g6 2. e4 d6 3. Nc3 a6 4. f4 Nd7 5. Nf3 b5 6. e5 e6 7. Bd3 Bb7 8. O-O c5
9. d5 exd5 10. Qe1 Qe7 11. exd6 Qxe1 12. Rxe1+ Kd8 13. Ne5 Nh6 14. Nxb5 axb5
15. Bxb5 Bxd6 16. Bxd7 f6 17. Bb5 fxe5 18. fxe5 Bf8 19. Bg5+ Kc7 20. e6 Bg7 21.
e7 Bc6 22. Bf4+ Kb6 23. Bxc6 Kxc6 24. Re6+ Kd7 25. Rd6+ Kxe7 26. Re1+ Kf8 27.
Rd7 Nf5 28. g4 Ra4 29. Rf1 g5 30. Bb8 Rxg4+ 31. Kh1 Ke8 32. Rxd5 Ne7 33. Rxc5
Rf8 34. Re1 Kf7 35. Bd6 Re8 36. Rc7 Bf6 37. c4 Rd4 38. c5 Rd2 39. b4 Rxa2 40.
b5 Rb2 41. b6 1-0

[Event "ARCTIC CHESS CHALLENGE 2010"]
[Site "SCANDIC TROMSØ"]
[Date "2010.07.31"]
[Round "3"]
[White "Turner, Matthew J"]
[Black "Ferguson, Mark"]
[Result "1-0"]
[WhiteElo "2506"]
[BlackElo "2387"]
[PlyCount "93"]
[EventDate "2010.??.??"]

1. d4 d5 2. Bg5 h6 3. Bh4 c6 4. Nf3 Qb6 5. Qc1 Bf5 6. c4 e6 7. c5 Qa5+ 8. Qd2
Qxd2+ 9. Nbxd2 Nd7 10. e3 Ngf6 11. b4 g5 12. Bg3 Nh5 13. Nb3 Nxg3 14. hxg3 Be7
15. Be2 Kf8 16. Na5 Rb8 17. b5 cxb5 18. Bxb5 Bd8 19. Nb3 Nf6 20. Nxg5 Bc2 21.
Nf3 a6 22. Be2 Bc7 23. O-O a5 24. Rfc1 Be4 25. Ne5 Ke7 26. Nd2 Bh7 27. a4 Nd7
28. Nxd7 Kxd7 29. Ra3 Bg6 30. Rb3 f6 31. Rxb7 Rxb7 32. c6+ Kd6 33. cxb7 Rb8 34.
Bb5 Rxb7 35. Nb3 Rb6 36. Nc5 Bd8 37. f4 Be7 38. Nb3 Bd8 39. Rc8 Bc7 40. Nc5 Rb8
41. Rxb8 Bxb8 42. Nb7+ Kc7 43. Nxa5 Kb6 44. Nb3 Bd6 45. Bd7 Bc2 46. Nd2 e5 47.
Nf3 1-0

[Event "ARCTIC CHESS CHALLENGE 2010"]
[Site "SCANDIC TROMSØ"]
[Date "2010.07.31"]
[Round "3"]
[White "Khaetsky, Roman"]
[Black "Bykhovsky, Anatoly"]
[Result "0-1"]
[WhiteElo "2385"]
[BlackElo "2487"]
[PlyCount "112"]
[EventDate "2010.??.??"]

1. e4 c5 2. Nc3 a6 3. f4 b5 4. d4 cxd4 5. Qxd4 Nc6 6. Qf2 e6 7. Bd3 Bb7 8. Nf3
Nb4 9. Be3 Nf6 10. h3 Be7 11. O-O O-O 12. Nd4 Rc8 13. Nb3 d6 14. a4 Nxd3 15.
cxd3 b4 16. Na2 Nd7 17. Nxb4 d5 18. Na2 dxe4 19. dxe4 Bxe4 20. Nc3 Ba8 21. Rfd1
Qe8 22. a5 Rb8 23. Nd4 Nf6 24. Na4 Nd5 25. Nb6 Bb7 26. Rac1 Bh4 27. Qxh4 Nxe3
28. Rd3 Nxg2 29. Qg3 Qe7 30. f5 Qf6 31. Nd7 Qh6 32. Rf1 e5 33. Nxf8 Nf4 34. Nd7
Rd8 35. Nc5 Nxd3 36. Nxd3 exd4 37. Ne5 Qf6 38. Ng4 Qd6 39. Qxd6 Rxd6 40. Ne5 f6
41. Nd3 Rd5 42. b4 Bc6 43. Rc1 Bb5 44. Nf4 Re5 45. Rc8+ Kf7 46. Rd8 Re4 47. Ne6
d3 48. Nc5 Re3 49. Kf2 Rxh3 50. Ne4 Ke7 51. Rg8 Rh2+ 52. Kf3 Bc6 53. Kg3 Bxe4
54. Rxg7+ Kd6 55. Kxh2 d2 56. Rg1 Bf3 0-1

[Event "ARCTIC CHESS CHALLENGE 2010"]
[Site "SCANDIC TROMSØ"]
[Date "2010.07.31"]
[Round "3"]
[White "Elsness, Frode"]
[Black "Westerinen, Heikki M.J"]
[Result "1-0"]
[WhiteElo "2485"]
[BlackElo "2347"]
[PlyCount "67"]
[EventDate "2010.??.??"]

1. d4 Nf6 2. c4 g6 3. Nc3 Bg7 4. e4 d6 5. h3 O-O 6. Nf3 a6 7. Be3 c6 8. c5 b5
9. cxb6 Nbd7 10. Be2 Nxb6 11. O-O a5 12. Rc1 Ba6 13. Bxa6 Rxa6 14. Qe2 Qa8 15.
e5 Nfd5 16. Ne4 Rd8 17. Bg5 h6 18. Bh4 Nf4 19. Qc2 Rd7 20. Bg3 Nbd5 21. Qd2 g5
22. h4 f6 23. Bxf4 Nxf4 24. hxg5 fxg5 25. Qc2 Rb6 26. Nexg5 hxg5 27. Nxg5 e6
28. Qh7+ Kf8 29. Rc3 Ne2+ 30. Kh1 Nxc3 31. Nxe6+ Kf7 32. Nxg7 Rd8 33. Nh5+ Ke8
34. e6 1-0

[Event "ARCTIC CHESS CHALLENGE 2010"]
[Site "SCANDIC TROMSØ"]
[Date "2010.07.31"]
[Round "3"]
[White "Angskog, Kent"]
[Black "Babujian, Levon"]
[Result "0-1"]
[WhiteElo "2204"]
[BlackElo "2485"]
[PlyCount "70"]
[EventDate "2010.??.??"]

1. Nf3 c5 2. e4 d6 3. c3 Nf6 4. Be2 Nbd7 5. d3 g6 6. O-O Bg7 7. Bg5 O-O 8. Nbd2
h6 9. Bh4 Nh5 10. d4 Nf4 11. Re1 cxd4 12. cxd4 Nxe2+ 13. Qxe2 Nb6 14. Rac1 g5
15. Bg3 Bg4 16. h3 Bh5 17. Qb5 Rc8 18. e5 Rxc1 19. Rxc1 f5 20. exf6 Bxf6 21.
Qa5 Bf7 22. Qxa7 Bd5 23. Qa5 h5 24. h4 g4 25. Ng5 Bxd4 26. Nb3 Bxb2 27. Rd1 Rf5
28. Qd2 Bf6 29. Nd4 Bxd4 30. Qxd4 Qc7 31. Qb2 Qc5 32. Rc1 Nc4 33. Qb1 e6 34.
Re1 Ne5 35. Qb2 Nd3 0-1

[Event "ARCTIC CHESS CHALLENGE 2010"]
[Site "SCANDIC TROMSØ"]
[Date "2010.07.31"]
[Round "3"]
[White "Moiseenko, Alexander"]
[Black "Medvegy, Nora Dr"]
[Result "1-0"]
[WhiteElo "2667"]
[BlackElo "2343"]
[PlyCount "137"]
[EventDate "2010.??.??"]

1. d4 Nf6 2. c4 e6 3. Nf3 b6 4. g3 Ba6 5. Qb3 Nc6 6. Nbd2 Na5 7. Qa4 c5 8. Bg2
Bb7 9. dxc5 bxc5 10. O-O Be7 11. Ne5 Bxg2 12. Kxg2 O-O 13. Ndf3 d6 14. Bd2 Nb7
15. Nc6 Qd7 16. Nxe7+ Qxe7 17. Bg5 h6 18. Bxf6 Qxf6 19. Rfd1 Rfd8 20. Rd2 Qe7
21. Rad1 Qc7 22. e4 Kf8 23. a3 Na5 24. Rd3 Rab8 25. Qc2 Nc6 26. Qd2 Ke7 27. Qc3
f6 28. b3 Rb6 29. Qc1 Qb8 30. b4 cxb4 31. c5 dxc5 32. Qxc5+ Ke8 33. Qh5+ Kf8
34. axb4 Rxd3 35. Rxd3 Rb5 36. Qg4 Qe8 37. Rd6 Kf7 38. Nh4 Ne5 39. Qd1 Rb7 40.
f4 Nc4 41. Qh5+ Kf8 42. Qxe8+ Kxe8 43. Rxe6+ Kd7 44. Ra6 Ne3+ 45. Kf3 Nc2 46.
b5 Nd4+ 47. Kg4 Nxb5 48. Kh5 Nc7 49. Ra2 Ne6 50. Nf5 Rc7 51. Ra6 Nc5 52. Rd6+
Kc8 53. e5 fxe5 54. fxe5 Nd7 55. e6 Nf6+ 56. Kg6 Ne8 57. e7 Nxd6 58. Nxd6+ Kd7
59. e8=Q+ Kxd6 60. Qb5 Rd7 61. g4 Rc7 62. h4 Rd7 63. g5 hxg5 64. hxg5 Kc7 65.
Kh7 Re7 66. g6 Kc8 67. Qc6+ Kb8 68. Qd6+ Rc7 69. Qxc7+ 1-0

[Event "ARCTIC CHESS CHALLENGE 2010"]
[Site "SCANDIC TROMSØ"]
[Date "2010.07.31"]
[Round "3"]
[White "Bartel, Mateusz"]
[Black "Zdebskaja, Natalia"]
[Result "1-0"]
[WhiteElo "2613"]
[BlackElo "2383"]
[PlyCount "121"]
[EventDate "2010.??.??"]

1. d4 Nf6 2. c4 e6 3. Nf3 d5 4. Nc3 Bb4 5. a3 Bxc3+ 6. bxc3 c5 7. e3 O-O 8. a4
Qa5 9. Qc2 Nc6 10. Ba3 Rd8 11. Bxc5 Ne4 12. Bd3 Qxc3+ 13. Qxc3 Nxc3 14. cxd5
Nxd5 15. a5 Bd7 16. Kd2 Nxa5 17. Rxa5 b6 18. Bxb6 axb6 19. Rxa8 Rxa8 20. Rb1
Rb8 21. Ne5 Ba4 22. e4 Ne7 23. Kc3 Rc8+ 24. Kd2 Rb8 25. Ke3 f6 26. Nc4 Nc8 27.
f4 Kf7 28. g4 g6 29. h4 b5 30. g5 b4 31. gxf6 Kxf6 32. Ra1 Be8 33. Nd2 Bc6 34.
Nb3 Ke7 35. Nc5 b3 36. Ra6 Bb5 37. Rxe6+ Kf7 38. Bb1 Ra8 39. Kd2 Ra1 40. Kc1
Bd3 41. Nxd3 Kxe6 42. Kb2 Ra8 43. Kxb3 Rb8+ 44. Nb4 Nd6 45. d5+ Kd7 46. e5 Nb7
47. Kc3 Nc5 48. Bc2 Ra8 49. Kd4 Nb7 50. Bd3 Ra1 51. Ba6 Rd1+ 52. Nd3 Kc7 53.
Ke4 Kb6 54. Bxb7 Kxb7 55. Nc5+ Kb6 56. Ne6 Re1+ 57. Kf3 Rd1 58. d6 Kc6 59. Nf8
Rh1 60. Nxh7 Rxh4 61. Nf8 1-0

[Event "ARCTIC CHESS CHALLENGE 2010"]
[Site "SCANDIC TROMSØ"]
[Date "2010.07.31"]
[Round "3"]
[White "Malakhatko, Vadim"]
[Black "L`Ami, Alina"]
[Result "1/2-1/2"]
[WhiteElo "2576"]
[BlackElo "2323"]
[PlyCount "49"]
[EventDate "2010.??.??"]

1. c4 Nf6 2. Nc3 g6 3. e4 d6 4. d4 Bg7 5. Nf3 O-O 6. Be2 e5 7. O-O Nc6 8. d5
Ne7 9. b4 Nh5 10. Re1 f5 11. Ng5 Nf6 12. Bf3 c6 13. Bb2 cxd5 14. cxd5 Qb6 15.
Qb3 h6 16. Ne6 Bxe6 17. dxe6 fxe4 18. Na4 Qc6 19. b5 Qd5 20. Qxd5 Nexd5 21. Be2
Rfe8 22. Ba3 Nf4 23. Bxd6 Nxe2+ 24. Rxe2 Rxe6 25. Bb4 1/2-1/2

[Event "ARCTIC CHESS CHALLENGE 2010"]
[Site "SCANDIC TROMSØ"]
[Date "2010.07.31"]
[Round "3"]
[White "Tjiam, Dharma"]
[Black "Abbasov, Farid"]
[Result "0-1"]
[WhiteElo "2385"]
[BlackElo "2549"]
[PlyCount "118"]
[EventDate "2010.??.??"]

1. d4 Nf6 2. c4 e6 3. Nc3 Bb4 4. e3 O-O 5. Bd3 c5 6. a3 Bxc3+ 7. bxc3 b6 8. Ne2
Nc6 9. O-O Ba6 10. e4 d6 11. f4 Na5 12. Rf3 Bxc4 13. Rh3 Bxd3 14. Qxd3 d5 15.
e5 Ne4 16. Ng3 f5 17. exf6 Nxf6 18. Be3 c4 19. Qc2 Qd7 20. f5 exf5 21. Nxf5 Ne4
22. Ng3 Rae8 23. Re1 Nb7 24. Ne2 Nbd6 25. Bf4 Nf7 26. Re3 Qf5 27. Qc1 h6 28.
Rf1 Nfg5 29. Be5 Qxf1+ 30. Qxf1 Rxf1+ 31. Kxf1 Nf7 32. Bg3 g5 33. Ke1 Kg7 34.
Kd1 Kg6 35. Kc2 Nf6 36. Kd2 Rxe3 37. Kxe3 Ne4 38. Bc7 h5 39. g3 Kf5 40. h3 Ke6
41. Bb8 a6 42. Bc7 b5 43. Kf3 Nh8 44. Ba5 Ng6 45. Bb4 Kd7 46. Ke3 Kc6 47. Ba5
Nf8 48. Ng1 Nxg3 49. Nf3 Ne6 50. Ne5+ Kb7 51. Kf3 Ne4 52. Nd7 Ng7 53. Nf8 Kc6
54. Ng6 Nf5 55. Ne5+ Kb7 56. Bb4 Nh4+ 57. Ke3 Ng2+ 58. Kf3 Ne1+ 59. Ke2 Nd3 0-1

[Event "ARCTIC CHESS CHALLENGE 2010"]
[Site "SCANDIC TROMSØ"]
[Date "2010.07.31"]
[Round "3"]
[White "Petrov, Marijan"]
[Black "Przezdziecka, Marta"]
[Result "1-0"]
[WhiteElo "2535"]
[BlackElo "2278"]
[PlyCount "89"]
[EventDate "2010.??.??"]

1. e4 c5 2. Nf3 Nc6 3. d4 cxd4 4. Nxd4 Qc7 5. Nc3 e6 6. Ndb5 Qb8 7. f4 a6 8.
Nd4 Qc7 9. Nf3 Bc5 10. Bd3 b5 11. Qe2 Nd4 12. Nxd4 Bxd4 13. Nd1 Bb7 14. c3 Bc5
15. Nf2 Nf6 16. e5 Bxf2+ 17. Qxf2 Ne4 18. Qd4 Qc6 19. Be3 Rc8 20. a4 O-O 21.
axb5 axb5 22. Ra5 Nc5 23. Qxc5 Qxc5 24. Bxc5 Rxc5 25. Rxb5 Rxb5 26. Bxb5 Bxg2
27. Rg1 Rb8 28. Rxg2 Rxb5 29. b4 Kf8 30. Rb2 Ke7 31. c4 Rb8 32. b5 Ra8 33. Kd2
Kd8 34. b6 Rb8 35. Kc3 Kc8 36. c5 Kb7 37. Rd2 Kc8 38. Ra2 Kb7 39. Ra7+ Kc8 40.
Kb4 Kd8 41. Kb5 h5 42. c6 dxc6+ 43. Kxc6 Rc8+ 44. Kd6 Rb8 45. b7 1-0

[Event "ARCTIC CHESS CHALLENGE 2010"]
[Site "SCANDIC TROMSØ"]
[Date "2010.07.31"]
[Round "3"]
[White "Socko, Monika"]
[Black "Bjerke, Richard"]
[Result "1-0"]
[WhiteElo "2477"]
[BlackElo "2199"]
[PlyCount "65"]
[EventDate "2010.??.??"]

1. d4 d5 2. c4 c6 3. e3 Nf6 4. Nf3 Bf5 5. Nc3 e6 6. Nh4 Bg6 7. Nxg6 hxg6 8. Bd2
Nbd7 9. g3 Be7 10. b3 a5 11. Bg2 Qb8 12. O-O g5 13. cxd5 cxd5 14. Rc1 Kf8 15.
Qe2 Qd8 16. Rfd1 Ba3 17. Rc2 Rc8 18. Bc1 Bb4 19. Bb2 g4 20. Rdc1 g6 21. e4 Bxc3
22. Bxc3 Kg7 23. e5 Nh5 24. Qxg4 f5 25. exf6+ Ndxf6 26. Qg5 Qd7 27. Bxa5 Rxc2
28. Rxc2 Ne8 29. Bc7 Nhf6 30. Be5 Rh5 31. Qe3 Kg8 32. h3 Qh7 33. Bxf6 1-0

[Event "ARCTIC CHESS CHALLENGE 2010"]
[Site "SCANDIC TROMSØ"]
[Date "2010.07.31"]
[Round "3"]
[White "Hansen, Torbjørn R"]
[Black "Haarr, Jon Kristian"]
[Result "1-0"]
[WhiteElo "2419"]
[BlackElo "2188"]
[PlyCount "51"]
[EventDate "2010.??.??"]

1. c4 Nf6 2. Nc3 e6 3. e4 d5 4. e5 d4 5. exf6 dxc3 6. bxc3 Qxf6 7. d4 c5 8. Nf3
cxd4 9. Bg5 Qf5 10. cxd4 Bb4+ 11. Bd2 Bxd2+ 12. Qxd2 O-O 13. Bd3 Qf6 14. O-O
Nc6 15. Rad1 Rd8 16. Qe3 g6 17. Be4 Ne7 18. Ne5 Rb8 19. Ng4 Qg7 20. Qf4 Ra8 21.
Nf6+ Kh8 22. Rd3 Ng8 23. Nxh7 f6 24. Ng5 e5 25. Qh4+ Nh6 26. dxe5 1-0

[Event "ARCTIC CHESS CHALLENGE 2010"]
[Site "SCANDIC TROMSØ"]
[Date "2010.07.31"]
[Round "3"]
[White "Engstrom, Kaj"]
[Black "Azarov, Sergei"]
[Result "0-1"]
[WhiteElo "2290"]
[BlackElo "2600"]
[PlyCount "62"]
[EventDate "2010.??.??"]

1. e4 e5 2. Nf3 Nc6 3. d4 exd4 4. Nxd4 Bc5 5. Nb3 Bb6 6. Qe2 Nge7 7. Be3 O-O 8.
Nc3 f5 9. O-O-O f4 10. Bc5 d6 11. Qc4+ Kh8 12. f3 Ne5 13. Qe2 Be6 14. Bd4 N7c6
15. Bxe5 Nxe5 16. Nd5 c6 17. Nc3 Be3+ 18. Kb1 b5 19. Qe1 b4 20. Na4 Rb8 21. Nc1
c5 22. Nd3 Nxd3 23. Bxd3 c4 24. Be2 Qc7 25. b3 Rfc8 26. Nb2 c3 27. Na4 Bd7 28.
Rd5 Bxa4 29. bxa4 b3 30. Rb5 Rxb5 31. Bxb5 Qc5 0-1

[Event "ARCTIC CHESS CHALLENGE 2010"]
[Site "SCANDIC TROMSØ"]
[Date "2010.07.31"]
[Round "3"]
[White "Kvisla, Johannes Luangtep"]
[Black "Miezis, Normunds"]
[Result "0-1"]
[WhiteElo "2163"]
[BlackElo "2518"]
[PlyCount "94"]
[EventDate "2010.??.??"]

1. e4 c5 2. Nf3 e6 3. d4 cxd4 4. Nxd4 a6 5. c4 Nf6 6. Nc3 Bb4 7. Bd3 Nc6 8.
Nxc6 dxc6 9. e5 Nd7 10. f4 Nc5 11. Bc2 O-O 12. Be3 Qh4+ 13. g3 Qe7 14. a3 Bxc3+
15. bxc3 Nd7 16. Qd3 f5 17. O-O a5 18. Rfd1 Re8 19. Qd6 Qxd6 20. Rxd6 Kf7 21.
Rad1 Ke7 22. c5 a4 23. g4 Ra5 24. gxf5 Nxc5 25. Bxc5 Rxc5 26. fxe6 g6 27. R1d3
Bxe6 28. R6d4 b5 29. Rg3 Rf8 30. h4 Rd5 31. Be4 Rxd4 32. cxd4 Rxf4 33. Bxc6
Rxd4 34. Bxb5 Rxh4 35. Rc3 Bb3 36. Rc8 g5 37. Kf2 h5 38. Ke3 Rf4 39. Rc7+ Kf8
40. Rh7 h4 41. Bd3 Bf7 42. Rh6 Kg7 43. Rh7+ Kg8 44. Rh6 Rg4 45. e6 Be8 46. e7
Kf7 47. Rh7+ Kf6 0-1